• 首页
  • 本馆介绍
  • 公告通知
  • 最新文献
  • 馆藏检索
  • 电子资源
  • 读者导购
  • 参考咨询
  • 我的图书馆
  • 登录
  • 期刊详细显示
  • 现刊情况显示
  • 合订本情况显示
  • 篇目信息显示

期刊信息

  • 表格格式
  • 工作单格式
  • 卡片格式
索取号 
Z89/SLSHH
题名 
三联生活周刊
作者 
三联生活周刊编辑部编辑
分册号 
分册名 
出版地 
北京
出版者 
三联生活周刊编辑部
标准刊号 
1005-3603
出版频率 
周刊
中图法分类 
Z89
主题词 
文摘; 索引
电子资源 
000 00669nas0 2200229 45
001 0552754062
005 20070410141907.42
011    @a1005-3603@dCNY6.00(2004)
091    @aCN11-3221/C
092    @b82-20
100    @a20051129d km y0chiy0120 ea
101 0  @achi
200 1  @a三联生活周刊@ASan Lian Sheng Huo Zhou Kan@f三联生活周刊编辑部编辑@FSan Lian Sheng Huo Zhou Kan Bian Ji Bu Bian Ji
210    @a北京@c三联生活周刊编辑部
215    @d26cm
326    @a周刊
606 0  @a文摘
606 0  @a索引
690    @aZ89@v4
711  0 @a三联生活周刊编辑部@ASan Lian Sheng Huo Zhou Kan Bian Ji Bu@4编辑
801  0 @aCN@bPFT@c20070410
905    @aTSSY@dZ89@eSLSHH
    
    三联生活周刊/三联生活周刊编辑部编辑.-北京:三联生活周刊编辑部
    26cm
    
    
    ISSN 1005-3603:CNY6.00(2004)
    
●
相关链接: 在易读查询期刊 在中国知网中查询期刊 在万方数据查询期刊 在维普查询期刊
唐山师范学院图书馆 欢迎您!
大连网信软件有限公司© 版权所有